banner-ar

شجرة تنمو فى بروكلين الجزء الثانى / (Record no. 39641)

MARC details
000 -الفاتح
حقل البيانات ثابتة الطول 00585nam a2200205Ia 4500
008 - عناصر البيانات ثابتة الطول - معلومات عامة
حقل البيانات ثابتة الطول 140319s9999 xx 000 0 ara d
040 ## - مصدر الفهرسة
وكالة الفهرسة الأصلية GCL /
وكالة النسخ GCL
082 04 - رقم تصنيف ديوى العشرى
رقم التصنيف 808.83
رقم المادة س ش
100 1# - المدخل الرئيسى - إسم شخصى
الإسم الشخصى نوال السعداوى
245 10 - بيان العنوان
العنوان شجرة تنمو فى بروكلين الجزء الثانى /
بيان المسئوليه,etc نوال السعداوى
700 1# - المدخل الاضافى - اسم شخصى
الإسم الشخصى حلمى مراد
700 1# - المدخل الاضافى - اسم شخصى
الإسم الشخصى سميث، بيتى
300 ## - الوصف المادى
التعداد 740 ص
490 ## - بيان السلسلة
عنوان السلسلة
650 04 - المدخل الاضافى بالموضوع-مصطلح موضوعى
مصطلح موضوعي الادب
650 04 - المدخل الاضافى بالموضوع-مصطلح موضوعى
مصطلح موضوعي القصص الاجتماعية
650 04 - المدخل الاضافى بالموضوع-مصطلح موضوعى
مصطلح موضوعي الادب الامريكى
942 ## - عناصر المدخل الإضافي( كوها)
مصدر التصنيف او مخطط الترفيف Dewey Decimal Classification
Koha [default] item type كتاب
Holdings
حالة التراجع حالة الفقد حالة تلف ليس للاعارة المكان المؤقت الموقع الحالى تاريخ الاكتساب اجمالي اﻻعارات رقم الطلب الباركود تاريخ اخر مشاهدة تاريخ تفعيل السعر نوع وعاء كوها
        مكتبة القاهرة الكبرى مكتبة القاهرة الكبرى 03/26/2014   808.83\س ش 96808 03/26/2014 03/26/2014 كتاب

Powered By

EGPV